S is for Samsung (Record no. 83463)

MARC details
000 -LEADER
fixed length control field 00516nam a22001817a 4500
003 - CONTROL NUMBER IDENTIFIER
control field URS
005 - DATE AND TIME OF LATEST TRANSACTION
control field 20250708155255.0
008 - FIXED-LENGTH DATA ELEMENTS--GENERAL INFORMATION
fixed length control field 250708b |||||||| |||| 00| 0 eng d
040 ## - CATALOGING SOURCE
Transcribing agency URS
100 ## - MAIN ENTRY--PERSONAL NAME
Personal name Waterhouse, Phil.
Relator term auhtor
245 ## - TITLE STATEMENT
Title S is for Samsung
Statement of responsibility, etc. Phil Waterhouse.
Remainder of title /
300 ## - PHYSICAL DESCRIPTION
Extent page 21
Dimensions 28 cm
336 ## - CONTENT TYPE
Source rdacontent
Content type term text
Content type code txt
337 ## - MEDIA TYPE
Source rdamedia
Media type term unmediated
Media type code n
338 ## - CARRIER TYPE
Source rdacarrier
Carrier type term volume
Carrier type code nc
773 0# - HOST ITEM ENTRY
Host Biblionumber 82824
Host Itemnumber 75352
Other item identifier PIL-13541110-29-2
Title Business review
International Standard Serial Number 13541110
942 ## - ADDED ENTRY ELEMENTS (KOHA)
Source of classification or shelving scheme Dewey Decimal Classification
Koha item type Continuing Resources

No items available.

University of Rizal System
Email us at univlibservices@urs.edu.ph

Visit our Website www.urs.edu.ph/library